| 000 | 00892nam a2200241Ia 4500 | ||
|---|---|---|---|
| 003 | OSt | ||
| 005 | 20221005112344.0 | ||
| 006 | a|||||r|||| 00| 0 | ||
| 007 | ta | ||
| 008 | 221004b |||||||| |||| 00| 0 pan d | ||
| 020 |
_a9789382804086 (pbk) _c250 |
||
| 024 | _a15661 | ||
| 037 |
_b883, 08/09/2014, H.K. Prakashan _cTextual |
||
| 040 |
_aCRL _cCRL _bpan |
||
| 041 |
_2pan _apan |
||
| 082 | _aDelta2y7M63, 153Q4 | ||
| 100 |
_aਗੁਲਾਟੀ, ਧਰਮ ਸਿੰਘ, ੳਗ. _9158561 |
||
| 245 | 0 | _aਸਵਾਮੀ ਵਿਵੇਕਾਨੰਦ ਦੇ ਚਾਰ ਯੋਗ | |
| 260 |
_aਸਮਾਣਾ _bਸੰਗਮ ਪਬਲੀਕੇFਨਗ਼ ਭਾਰਤ _c2014 |
||
| 300 |
_a319ਪੰ _ccm. |
||
| 942 |
_hDelta2y7M63, 153Q4 _cTEXL _2cc |
||
| 999 |
_c1024649 _d1024649 |
||